[Event "TCh-CHN A"]
[Site "WEN ZHOU"]
[Date "2008.03.28"]
[EventDate "2008.03.26"]
[Round "3"]
[Result "1/2-1/2"]
[White "Ni Hua"]
[Black "Ding Liren"]
[WhiteElo "2704"]
[BlackElo "2395"]
[PlyCount "58"]

1. e4 e6 2. d4 d5 3. Nd2 dxe4 4. Nxe4 Nd7 5. Nf3 Ngf6 6. Nxf6+
Nxf6 7. c3 Be7 8. Bd3 O-O 9. Qe2 b6 10. Bf4 Bb7 11. O-O-O Qc8
12. h4 c5 13. Be5 cxd4 14. Nxd4 Qc5 15. Rh3 Nd7 16. Bf4 Bd5
17. Rg3 Bf6 18. Nf3 Bxf3 19. gxf3 Ne5 20. Be4 Rad8 21. Rdg1
Ng6 22. Bg5 Be5 23. Be3 Qc7 24. Rg5 Nf4 25. Qf1 Bxc3 26. bxc3
Qxc3+ 27. Kb1 Qb4+ 28. Ka1 Qc3+ 29. Kb1 Qb4+ 1/2-1/2

[Event "8th Asian Continental Chess Championship"]
[Site "Subic Bay Free Port"]
[Date "2009.05.13"]
[EventDate "2009.05.13"]
[Round "1.3"]
[Result "1/2-1/2"]
[White "Zhou Jianchao"]
[Black "Ding Liren"]
[WhiteElo "2635"]
[BlackElo "2458"]
[PlyCount "132"]

1. d4 Nf6 2. c4 g6 3. Nc3 Bg7 4. e4 d6 5. f3 O-O 6. Be3 e5
7. d5 Nh5 8. Qd2 f5 9. O-O-O a6 10. Nh3 f4 11. Bf2 Qe7 12. Kb1
Nd7 13. Be2 Bf6 14. g4 Ng7 15. Qe1 Ne8 16. Ng1 c5 17. dxc6
bxc6 18. h4 Nc5 19. g5 Bg7 20. Bxc5 dxc5 21. Qd2 Rf7 22. Nh3
Bf8 23. Nf2 Nc7 24. Qd8 Qxd8 25. Rxd8 Ne6 26. Rd2 Nd4 27. Nd3
Bd6 28. Na4 a5 29. Ndxc5 Rb8 30. Nb3 Nxb3 31. Rxd6 Nd4 32. Bd1
Rd7 33. c5 Kf7 34. Rf6+ Kg7 35. h5 Rf7 36. Rd6 Be6 37. hxg6
hxg6 38. Nb6 Re7 39. a3 Rbb7 40. Kc1 Bf7 41. Kd2 Ne6 42. b4
axb4 43. axb4 Nxg5 44. Rg1 Ne6 45. Rxc6 Nd4 46. Rd6 Ra7
47. Rxd4 exd4 48. Kd3 Ra1 49. Kxd4 Rb1 50. Nd5 Ra7 51. c6 Raa1
52. Ke5 Rxd1 53. c7 Rxg1 54. c8=Q Ra3 55. Kxf4 g5+ 56. Ke5
Rxf3 57. Ne7 Rf6 58. Nf5+ Kg6 59. Ne7+ Kg7 60. Nf5+ Kg6
61. Qh8 Re6+ 62. Kd4 Rd1+ 63. Ke3 Re1+ 64. Kf3 R1xe4 65. Qg7+
Kxf5 66. Qxf7+ Ke5 1/2-1/2

[Event "8th Asian Continental Chess Championship"]
[Site "Subic Bay Free Port"]
[Date "2009.05.14"]
[EventDate "2009.05.13"]
[Round "2.14"]
[Result "1/2-1/2"]
[White "Ding Liren"]
[Black "Parimarjan Negi"]
[WhiteElo "2458"]
[BlackElo "2592"]
[PlyCount "60"]

1. d4 Nf6 2. c4 g6 3. Nc3 d5 4. cxd5 Nxd5 5. e4 Nxc3 6. bxc3
Bg7 7. Nf3 c5 8. Rb1 O-O 9. Be2 cxd4 10. cxd4 Qa5+ 11. Bd2
Qxa2 12. O-O Bg4 13. Rxb7 Bxf3 14. Bxf3 Bxd4 15. Bb4 Rd8
16. Qc1 Na6 17. Bxe7 Rac8 18. Qf4 Nc5 19. Bxd8 Nxb7 20. Bf6
Bxf6 21. Qxf6 Qe6 22. Qd4 Qb6 23. Qxb6 axb6 24. Rb1 Nc5 25. h4
Re8 26. Rxb6 Nxe4 27. Bxe4 Rxe4 28. g3 h5 29. Kg2 Kg7 30. Ra6
Rb4 1/2-1/2

[Event "8th Asian Continental Chess Championship"]
[Site "Subic Bay Free Port"]
[Date "2009.05.15"]
[EventDate "2009.05.13"]
[Round "3.13"]
[Result "1/2-1/2"]
[White "Ding Liren"]
[Black "Ehsan Ghaem Maghami"]
[WhiteElo "2458"]
[BlackElo "2593"]
[PlyCount "145"]

1. d4 Nf6 2. Nf3 e6 3. c4 b6 4. g3 Ba6 5. Qc2 Bb7 6. Bg2 c5
7. d5 exd5 8. cxd5 Nxd5 9. O-O Nc6 10. Nh4 Nc7 11. Qe4+ Qe7
12. Qxe7+ Bxe7 13. Nf5 Bf8 14. Nc3 O-O-O 15. Rd1 d5 16. Bh3
Ne6 17. Rxd5 g6 18. Nh6 Bxh6 19. Bxh6 Rxd5 20. Nxd5 Ncd4
21. Nf4 f5 22. Nxe6 Nxe6 23. Rd1 Nd4 24. Rd2 Re8 25. Be3 a5
26. g4 fxg4 27. Bxg4+ Kb8 28. Kf1 Re4 29. Bxd4 Rxd4 30. Rxd4
cxd4 31. e3 dxe3 32. fxe3 Kc7 33. Kf2 Kd6 34. Be2 Ke5 35. a3
h6 36. h4 Bd5 37. Bd3 Be4 38. Ba6 Bc2 39. Bb7 Kf6 40. Kg3 g5
41. Bf3 Bf5 42. Bd1 Ke6 43. hxg5 hxg5 44. Bb3+ Ke5 45. Kf3 Kd6
46. Ba2 Ke5 47. Bb3 Bd7 48. Bc2 Bc6+ 49. Kg4 Be4 50. Ba4 Kf6
51. Bb3 Bb1 52. Ba4 Bd3 53. Bd1 Bc4 54. Bc2 Be2+ 55. Kg3 Ke5
56. Kf2 Bg4 57. Bb3 Kd6 58. Kg3 Bh5 59. Bc4 Kc5 60. Be6 a4
61. Bg4 Bxg4 62. Kxg4 Kd5 63. Kf5 g4 64. Kf4 b5 65. e4+ Kd4
66. e5 g3 67. Kxg3 Kxe5 68. Kf3 Kd4 69. Ke2 Kc4 70. Kd2 Kb3
71. Kc1 b4 72. axb4 Kxb4 73. Kb1 1/2-1/2

[Event "8th Asian Continental Chess Championship"]
[Site "Subic Bay Free Port"]
[Date "2009.05.16"]
[EventDate "2009.05.13"]
[Round "4.18"]
[Result "1/2-1/2"]
[White "Ngoc Truongson Nguyen"]
[Black "Ding Liren"]
[WhiteElo "2588"]
[BlackElo "2458"]
[PlyCount "130"]

1. e4 e6 2. d4 d5 3. Nd2 c5 4. exd5 Qxd5 5. Ngf3 cxd4 6. Bc4
Qd6 7. O-O Nf6 8. Nb3 Nc6 9. Nbxd4 Nxd4 10. Nxd4 a6 11. Re1
Qc7 12. Bf1 Bc5 13. Bg5 Bd7 14. c3 O-O-O 15. b4 Bd6 16. h3
Bh2+ 17. Kh1 Bf4 18. Bxf4 Qxf4 19. Qe2 Rhe8 20. a4 e5 21. Nb3
Be6 22. c4 Bf5 23. Qb2 Ne4 24. Re2 Ng5 25. Re3 Bxh3 26. gxh3
Nf3 27. Rxf3 Qxf3+ 28. Bg2 Rd1+ 29. Rxd1 Qxd1+ 30. Kh2 e4
31. Nd2 f5 32. c5 Qe2 33. Qc1 Qxf2 34. Nc4 Kb8 35. Nd6 Re6
36. Qg5 Rf6 37. Qxg7 Qf4+ 38. Qg3 Qxg3+ 39. Kxg3 Rg6+ 40. Kh2
e3 41. Bf3 f4 42. Ne4 b6 43. h4 bxc5 44. bxc5 h6 45. Nc3 Rg3
46. Bh5 e2 47. Nxe2 Ra3 48. Nxf4 Rxa4 49. Kg3 Rc4 50. Be2 Rc3+
51. Nd3 a5 52. Kf4 Rc4+ 53. Ke3 a4 54. Ne5 Rxh4 55. Nc6+ Kc8
56. Nd4 a3 57. Bc4 Rh2 58. Be6+ Kd8 59. Ne2 Kc7 60. Bd5 h5
61. Nc3 Rb2 62. Kf4 h4 63. Kg4 Rb4+ 64. Kh3 Kd8 65. Be6 Rd4
1/2-1/2

[Event "8th Asian Continental Chess Championship"]
[Site "Subic Bay Free Port"]
[Date "2009.05.17"]
[EventDate "2009.05.13"]
[Round "5.26"]
[Result "1-0"]
[White "Ding Liren"]
[Black "Hassan Abdullah"]
[WhiteElo "2458"]
[BlackElo "2322"]
[PlyCount "67"]

1. d4 Nf6 2. Nf3 e6 3. c4 b6 4. g3 Bb7 5. Bg2 Be7 6. Nc3 O-O
7. Bf4 Ne4 8. Qc2 Nxc3 9. Ng5 Ne4 10. Bxe4 Bxg5 11. Bxb7 Bxf4
12. Bxa8 Bd6 13. Bf3 f5 14. c5 Be7 15. O-O bxc5 16. dxc5 Na6
17. b4 c6 18. Qa4 Qc8 19. Rfd1 g5 20. Rd3 g4 21. Bg2 Bf6
22. Rad1 Rf7 23. Rc1 Qb7 24. Rc4 Nc7 25. e4 fxe4 26. Rxe4 h5
27. Rf4 Kg7 28. Qd1 Nb5 29. h3 Nc3 30. Qd2 Nd5 31. Bxd5 cxd5
32. hxg4 e5 33. Rxf6 Rxf6 34. Rxd5 1-0

[Event "8th Asian Continental Chess Championship"]
[Site "Subic Bay Free Port"]
[Date "2009.05.18"]
[EventDate "2009.05.13"]
[Round "6.14"]
[Result "0-1"]
[White "Dzhurabek Khamrakulov"]
[Black "Ding Liren"]
[WhiteElo "2524"]
[BlackElo "2458"]
[PlyCount "122"]

1. e4 e6 2. Qe2 c5 3. f4 Nf6 4. Nf3 d5 5. e5 Nfd7 6. c3 c4
7. d4 cxd3 8. Qxd3 Qb6 9. Qe2 Nc6 10. Be3 Bc5 11. Bxc5 Nxc5
12. Qb5 Qxb5 13. Bxb5 Bd7 14. Na3 a6 15. Be2 f6 16. exf6 gxf6
17. Rd1 Na4 18. Rd2 b5 19. O-O b4 20. cxb4 Nxb4 21. Nd4 Ke7
22. Re1 Nc5 23. Nac2 Ne4 24. Rdd1 Nxc2 25. Nxc2 Rhb8 26. b3
Nc3 27. Rd2 Nxa2 28. Bg4 Nc3 29. f5 e5 30. Rd3 Rxb3 31. Ne3
Bc6 32. Bd1 Rab8 33. Bxb3 Rxb3 34. Rd2 a5 35. Rc1 d4 36. Nd1
Be4 37. Nxc3 dxc3 38. Ra2 Rb2 39. Ra4 Rxg2+ 40. Kf1 Rg4
41. Kf2 Bxf5 42. Rxg4 Bxg4 43. Rxc3 a4 44. Rc4 Bd7 45. Rh4 a3
46. Rxh7+ Kd6 47. Rh8 Kc5 48. Ra8 Kb4 49. h4 Ba4 50. Rb8+ Bb5
51. Ra8 Bc6 52. Rb8+ Ka5 53. Rb1 Be4 54. Rb3 Ka4 55. Rb6 Bd3
56. Ke3 Bb5 57. Rd6 a2 58. Rd1 Be8 59. h5 Bxh5 60. Rd8 Bf7
61. Kd2 Ka3 0-1

[Event "8th Asian Continental Chess Championship"]
[Site "Subic Bay Free Port"]
[Date "2009.05.19"]
[EventDate "2009.05.13"]
[Round "7.9"]
[Result "1-0"]
[White "Ding Liren"]
[Black "Enamul Hossain"]
[WhiteElo "2458"]
[BlackElo "2531"]
[PlyCount "85"]

1. d4 d5 2. c4 c6 3. Nf3 Nf6 4. Nc3 dxc4 5. a4 Bf5 6. Ne5 Nbd7
7. Nxc4 Qc7 8. g3 e5 9. dxe5 Nxe5 10. Bf4 Nfd7 11. Bg2 f6
12. O-O Nc5 13. Ne3 Bg6 14. b4 Ne6 15. Qb3 Bf7 16. Qb1 Nxf4
17. gxf4 Ng6 18. b5 Rc8 19. bxc6 bxc6 20. Nb5 Qb8 21. Rc1 Be7
22. Bxc6+ Kf8 23. Qe4 Nxf4 24. Nf5 Qe5 25. Qxe5 fxe5 26. Bf3
Rxc1+ 27. Rxc1 Be6 28. Nxe7 Kxe7 29. e3 Nh3+ 30. Kg2 Ng5
31. Rc7+ Kf6 32. Rxa7 Rd8 33. Nc7 e4 34. Be2 Bh3+ 35. Kg3 g6
36. a5 Rd2 37. Ne8+ Ke5 38. Re7+ Kd5 39. Bg4 Bxg4 40. Kxg4 Nf3
41. Rd7+ Kc6 42. Rxd2 Nxd2 43. Nf6 1-0

[Event "8th Asian Continental Chess Championship"]
[Site "Subic Bay Free Port"]
[Date "2009.05.20"]
[EventDate "2009.05.13"]
[Round "8.2"]
[Result "1/2-1/2"]
[White "Le Quang Liem"]
[Black "Ding Liren"]
[WhiteElo "2591"]
[BlackElo "2458"]
[PlyCount "39"]

1. d4 Nf6 2. Nf3 g6 3. Bg5 Bg7 4. Nbd2 O-O 5. c3 d5 6. e3 Nbd7
7. Be2 Re8 8. O-O e5 9. dxe5 Nxe5 10. Re1 c6 11. Qb3 Nxf3+
12. Bxf3 h6 13. Bxf6 Qxf6 14. Rad1 Qe7 15. h3 Be6 16. Qc2 Qg5
17. Kf1 Qe5 18. Kg1 Qg5 19. Kf1 Qe5 20. Kg1 1/2-1/2

[Event "8th Asian Continental Chess Championship"]
[Site "Subic Bay Free Port"]
[Date "2009.05.21"]
[EventDate "2009.05.13"]
[Round "9.5"]
[Result "1-0"]
[White "Krishnan Sasikiran"]
[Black "Ding Liren"]
[WhiteElo "2682"]
[BlackElo "2458"]
[PlyCount "85"]

1. d4 Nf6 2. Nf3 g6 3. Bg5 Bg7 4. Nbd2 O-O 5. e3 d6 6. c3 Nbd7
7. Bd3 e5 8. O-O h6 9. Bh4 g5 10. Bg3 Nh5 11. Qc2 Nxg3
12. hxg3 d5 13. dxe5 g4 14. Nh4 Nxe5 15. Bh7+ Kh8 16. Bf5 Be6
17. f4 gxf3 18. Ndxf3 Nxf3+ 19. Rxf3 Kg8 20. Raf1 Qg5 21. Qf2
h5 22. g4 hxg4 23. Rf4 Bxf5 24. Nxf5 Rae8 25. Qg3 Re4 26. Rxe4
dxe4 27. Rf4 Rd8 28. Rxg4 Qxf5 29. Rxg7+ Kf8 30. Rg8+ Ke7
31. Qxc7+ Rd7 32. Qb8 Kf6 33. Rd8 Rxd8 34. Qxd8+ Kg6 35. Qd6+
Kg7 36. Qg3+ Kf8 37. Qb8+ Kg7 38. Qxb7 a5 39. Qb6 Qg4 40. Qd4+
f6 41. a4 Qh4 42. Qd2 Qg3 43. Qd7+ 1-0

[Event "8th Asian Continental Chess Championship"]
[Site "Subic Bay Free Port"]
[Date "2009.05.22"]
[EventDate "2009.05.13"]
[Round "10.11"]
[Result "1/2-1/2"]
[White "Ding Liren"]
[Black "Anton Filippov"]
[WhiteElo "2458"]
[BlackElo "2584"]
[PlyCount "131"]

1. d4 Nf6 2. Nf3 e6 3. c4 Bb4+ 4. Nbd2 b6 5. a3 Bxd2+ 6. Qxd2
a5 7. b3 Bb7 8. e3 d6 9. Bb2 Nbd7 10. Be2 O-O 11. O-O Qe7
12. Rad1 Rac8 13. Qc2 Be4 14. Bd3 Bg6 15. e4 e5 16. Nh4 exd4
17. Nxg6 hxg6 18. Bxd4 Nc5 19. Rfe1 Nxd3 20. Rxd3 Nd7 21. Rde3
g5 22. Qe2 Rfe8 23. Qh5 Ne5 24. Rg3 f6 25. h4 Qf7 26. Qxf7+
Nxf7 27. hxg5 Nxg5 28. Bxf6 gxf6 29. f4 Re7 30. Rf1 Rxe4
31. fxg5 f5 32. Rxf5 a4 33. bxa4 Rxc4 34. g6 Rf8 35. Rxf8+
Kxf8 36. g7+ Kg8 37. a5 bxa5 38. Kf1 Re4 39. Kf2 Re7 40. Rg5
Re5 41. Rg4 Re7 42. Rg5 Rf7+ 43. Ke1 Rxg7 44. Rxa5 Kf7
45. Rf5+ Ke6 46. Rf2 Rg4 47. Re2+ Kd7 48. Kf2 Ra4 49. Re3 d5
50. Kf3 Kd6 51. g4 d4 52. Rb3 Kd5 53. g5 c5 54. g6 Ra6 55. g7
Rg6 56. Rb7 Kc4 57. Ke4 Kc3 58. Kf5 Rg1 59. a4 d3 60. Kf6 d2
61. Rd7 c4 62. a5 Rf1+ 63. Ke7 Rg1 64. Kf7 Rf1+ 65. Ke7 Re1+
66. Kf7 1/2-1/2

[Event "8th Asian Continental Chess Championship"]
[Site "Subic Bay Free Port"]
[Date "2009.05.23"]
[EventDate "2009.05.13"]
[Round "11.11"]
[Result "0-1"]
[White "Ding Liren"]
[Black "Abhijeet Gupta"]
[WhiteElo "2458"]
[BlackElo "2570"]
[PlyCount "100"]

1. d4 Nf6 2. Nf3 g6 3. Bf4 Bg7 4. c3 O-O 5. Nbd2 d6 6. e3 Nbd7
7. h3 c5 8. Be2 b6 9. O-O Bb7 10. a4 a6 11. Bh2 Qc7 12. Re1
Ne4 13. Nxe4 Bxe4 14. Nd2 Bb7 15. Rc1 Nf6 16. b4 Rfc8 17. Nc4
Bd5 18. dxc5 bxc5 19. a5 Bxc4 20. Bxc4 Qb7 21. Rb1 Qc7 22. Qb3
Kf8 23. Rbc1 e5 24. f4 cxb4 25. cxb4 Ne4 26. Qd3 f5 27. Rf1
Bf6 28. g4 Kg7 29. g5 Be7 30. Qd5 Qa7 31. Kh1 Qxe3 32. Qf7+
Kh8 33. Qxe7 Qxh3 34. Qe6 Rc7 35. fxe5 Ng3+ 36. Kg1 Nxf1
37. Qf6+ Rg7 38. Bxf1 Qe3+ 39. Kg2 Qxc1 40. exd6 Rc8 41. Be2
Qe3 42. Qe5 Qxg5+ 43. Bg3 h5 44. Kf2 Kh7 45. Bxa6 Rc2+ 46. Be2
Qg4 47. Bh2 f4 48. Qe4 Qh4+ 49. Kg2 f3+ 50. Qxf3 Qe1 0-1

[Event "Chinese Championship"]
[Site "Xinghua Jiangsu CHN"]
[Date "2009.05.26"]
[EventDate "2009.05.26"]
[Round "1"]
[Result "1/2-1/2"]
[White "Ding Liren"]
[Black "Bu Xiangzhi"]
[WhiteElo "2458"]
[BlackElo "2704"]
[PlyCount "73"]

1. d4 d5 2. c4 c6 3. Nc3 Nf6 4. e3 g6 5. Nf3 Bg7 6. Qb3 O-O
7. Bd2 e6 8. Bd3 Nbd7 9. O-O c5 10. a4 Rb8 11. Rfd1 b6 12. Nb5
a6 13. Nd6 Qc7 14. Nxc8 Rfxc8 15. Rdc1 b5 16. axb5 axb5
17. cxd5 Nxd5 18. e4 Ne7 19. dxc5 Nxc5 20. Qa3 Qb6 21. Rxc5
Qxc5 22. Qxc5 Rxc5 23. Bb4 Rc7 24. Bd6 Rd7 25. Bxb8 Rxd3
26. Be5 Nc6 27. Ra8+ Bf8 28. Kf1 Nxe5 29. Nxe5 Rd2 30. Ke1 Rd4
31. f3 Kg7 32. Ra7 Bb4+ 33. Ke2 Rd2+ 34. Kf1 Rd1+ 35. Ke2 Rd2+
36. Kf1 Rd1+ 37. Ke2 1/2-1/2

[Event "Chinese Championship"]
[Site "Xinghua Jiangsu CHN"]
[Date "2009.05.27"]
[EventDate "2009.05.26"]
[Round "2"]
[Result "1/2-1/2"]
[White "Ji Dan"]
[Black "Ding Liren"]
[WhiteElo "2342"]
[BlackElo "2458"]
[PlyCount "60"]

1. e4 e6 2. d4 d5 3. exd5 exd5 4. Nf3 Bg4 5. h3 Bh5 6. Qe2+
Qe7 7. Be3 Nc6 8. Nc3 O-O-O 9. O-O-O f6 10. g4 Bf7 11. Bg2 Qd7
12. Nd2 Bb4 13. Nb3 Bxc3 14. bxc3 Qd6 15. Qd2 Na5 16. Nxa5
Qa3+ 17. Kb1 Qxa5 18. Ka1 Ne7 19. Rb1 Rd6 20. c4 Qxd2 21. Bxd2
b6 22. Rhe1 Nc6 23. Bf4 Nxd4 24. Bxd6 Nxc2+ 25. Kb2 Nxe1
26. Rxe1 cxd6 27. Re7 Bg6 28. Rxa7 Re8 29. Ra8+ Kc7 30. Rxe8
Bxe8 1/2-1/2

[Event "Chinese Championship"]
[Site "Xinghua Jiangsu CHN"]
[Date "2009.05.28"]
[EventDate "2009.05.26"]
[Round "3"]
[Result "1-0"]
[White "Ding Liren"]
[Black "Li Shilong"]
[WhiteElo "2458"]
[BlackElo "2557"]
[PlyCount "77"]

1. d4 Nf6 2. c4 g6 3. Nc3 Bg7 4. Nf3 O-O 5. e4 d6 6. Be2 e5
7. O-O Na6 8. Re1 c6 9. Be3 exd4 10. Nxd4 Re8 11. f3 Nc5
12. Qd2 a5 13. Rad1 Nfd7 14. Bf1 a4 15. Nde2 Qb6 16. Qxd6 Nxe4
17. Qf4 Nec5 18. Ne4 Qa5 19. Nd6 Rf8 20. Qh4 Bxb2 21. Nd4 Qc7
22. Qe7 Qd8 23. Bh6 Nb6 24. Qe5 Ne6 25. Nxe6 Bxe5 26. Nxd8
Rxd8 27. Rxe5 Be6 28. Ree1 a3 29. Be3 Na4 30. Nxb7 Rdb8
31. Nc5 Nc3 32. Rd2 Rb2 33. Nxe6 fxe6 34. Ra1 c5 35. Rf2 Rc8
36. Bf4 Rd8 37. Be5 Nd1 38. Bxb2 axb2 39. Rxd1 1-0

[Event "Chinese Championship"]
[Site "Xinghua Jiangsu CHN"]
[Date "2009.05.30"]
[EventDate "2009.05.26"]
[Round "5"]
[Result "0-1"]
[White "Zhang Pengxiang"]
[Black "Ding Liren"]
[WhiteElo "2638"]
[BlackElo "2458"]
[PlyCount "82"]

1. e4 e6 2. d4 d5 3. Nc3 Nf6 4. Bg5 dxe4 5. Nxe4 Nbd7 6. Nf3
h6 7. Nxf6+ Nxf6 8. Be3 Nd5 9. Bd3 Nxe3 10. fxe3 Bd6 11. e4 c5
12. e5 Be7 13. Qe2 Qa5+ 14. c3 Bd7 15. O-O Qb6 16. Kh1 a5
17. Nd2 cxd4 18. Nc4 Qc7 19. cxd4 Bc6 20. Qg4 O-O 21. Rae1 b5
22. Nd2 Rad8 23. Ne4 Rxd4 24. Nf6+ Bxf6 25. Qxd4 Rd8 26. Qg4
Bxe5 27. Bg6 Rd4 28. Qh3 Bf6 29. Rc1 Qd6 30. Bb1 Rh4 31. Rxc6
Qxc6 32. Qd3 Rg4 33. Rg1 g6 34. h3 Rd4 35. Qe3 Qd5 36. Bc2 Rd2
37. Be4 Qg5 38. Qa7 Qf4 39. Qxa5 Be5 40. Qa8+ Kg7 41. g3 Qf2
0-1

[Event "Chinese Championship"]
[Site "Xinghua Jiangsu CHN"]
[Date "2009.06.02"]
[EventDate "2009.05.26"]
[Round "7"]
[Result "0-1"]
[White "Yifan Hou"]
[Black "Ding Liren"]
[WhiteElo "2590"]
[BlackElo "2458"]
[PlyCount "132"]

1. e4 e6 2. d4 d5 3. Nc3 Nf6 4. e5 Nfd7 5. f4 c5 6. Nf3 Nc6
7. Be3 Be7 8. Qd2 O-O 9. Be2 a6 10. O-O b5 11. a3 Bb7 12. Nd1
cxd4 13. Nxd4 Qc7 14. Nf2 Rac8 15. c3 Nc5 16. Qe1 Nxd4
17. cxd4 Ne4 18. Nd3 Qb6 19. b4 Rc3 20. Rf3 Rfc8 21. Nc5 Rxe3
22. Rxe3 Nxc5 23. dxc5 Rxc5 24. Kh1 Rc7 25. Rc1 Rd7 26. Qd2 g6
27. h3 d4 28. Rg3 Bh4 29. Rb3 Bd5 30. Rb2 d3 31. Bf3 Bc4
32. Kh2 Qd4 33. g3 Bd8 34. Re1 Bb6 35. Rbb1 Qf2+ 36. Qxf2 Bxf2
37. Red1 d2 38. Kg2 Be1 39. Ra1 Rd3 40. g4 Re3 41. a4 Bb3
42. axb5 Bxd1 43. Bxd1 axb5 44. Ra5 Bh4 45. Ra2 Rd3 46. Ra5
Rc3 47. Ra2 Be1 48. Rc2 Rg3+ 49. Kf1 Rxh3 50. Ke2 Rh2+ 51. Kf3
h5 52. gxh5 gxh5 53. Rc5 h4 54. Rxb5 Rf2+ 55. Kg4 Rg2+ 56. Kh3
Rg3+ 57. Kh2 Bf2 58. Rb8+ Kg7 59. Rd8 Be3 60. f5 exf5 61. Rd7
Bf4 62. e6 Re3+ 63. Kg2 h3+ 64. Kf2 h2 65. Rxf7+ Kg8 66. Kg2
Re1 0-1

[Event "Chinese Championship"]
[Site "Xinghua Jiangsu CHN"]
[Date "2009.06.03"]
[EventDate "2009.05.26"]
[Round "8"]
[Result "1/2-1/2"]
[White "Ding Liren"]
[Black "Zhou Weiqi"]
[WhiteElo "2458"]
[BlackElo "2563"]
[PlyCount "51"]

1. d4 Nf6 2. Nf3 e6 3. c4 d5 4. Nc3 Bb4 5. cxd5 exd5 6. Bg5
Nbd7 7. Qb3 c5 8. a3 Bxc3+ 9. Qxc3 h6 10. Qe3+ Qe7 11. Qxe7+
Kxe7 12. Bh4 g5 13. Bg3 Ne4 14. dxc5 Ndxc5 15. Nd4 Ne6 16. Be5
f6 17. Nxe6 Bxe6 18. Bd4 Rhc8 19. e3 Rc7 20. Bd3 Rac8 21. f3
Nc5 22. Bc2 Nd7 23. Bb3 Nc5 24. Bc2 Nd7 25. Bb3 Nc5 26. Bc2
1/2-1/2

[Event "Chinese Championship"]
[Site "Xinghua Jiangsu CHN"]
[Date "2009.06.04"]
[EventDate "2009.05.26"]
[Round "9"]
[Result "1/2-1/2"]
[White "Li Chao"]
[Black "Ding Liren"]
[WhiteElo "2643"]
[BlackElo "2458"]
[PlyCount "65"]

1. e4 e6 2. d4 d5 3. Nc3 Nf6 4. Bg5 dxe4 5. Nxe4 Be7 6. Bxf6
gxf6 7. Nf3 a6 8. Qe2 f5 9. Nc3 b5 10. O-O-O b4 11. Na4 Qd5
12. Qc4 Bb7 13. Qxc7 Bd6 14. Qc4 Nd7 15. Qxd5 Bxd5 16. c4 bxc3
17. Nxc3 Bxf3 18. gxf3 Ke7 19. Bd3 Rhg8 20. Rhe1 Kf6 21. d5
Bf4+ 22. Kb1 Ne5 23. Be2 Bxh2 24. dxe6 fxe6 25. Rd6 Ng6
26. Rb6 Rgb8 27. Rc6 Be5 28. Kc2 Ne7 29. Rxa6 Rxa6 30. Bxa6
Nc6 31. Be2 Nb4+ 32. Kc1 Rc8 33. a4 1/2-1/2

[Event "Chinese Championship"]
[Site "Xinghua Jiangsu CHN"]
[Date "2009.06.05"]
[EventDate "2009.05.26"]
[Round "10"]
[Result "1-0"]
[White "Ding Liren"]
[Black "Wang Hao"]
[WhiteElo "2458"]
[BlackElo "2696"]
[PlyCount "97"]

1. d4 Nf6 2. Nf3 e6 3. c4 d5 4. Nc3 c6 5. e3 a6 6. c5 Nbd7
7. b4 g6 8. Bd3 Bg7 9. O-O O-O 10. Na4 Re8 11. Bb2 e5 12. dxe5
Ng4 13. e6 fxe6 14. Bxg7 Kxg7 15. e4 Rf8 16. h3 Ngf6 17. Re1
Nh5 18. Bf1 Qf6 19. exd5 exd5 20. Qd4 Kg8 21. Qxf6 Ndxf6
22. Nb6 Rb8 23. Re7 Ng7 24. Rae1 Ne4 25. R1xe4 dxe4 26. Ng5
Rf5 27. Bc4+ Kf8 28. Rc7 Rxg5 29. Nxc8 Rf5 30. Nd6 Rf4 31. g3
Rf3 32. Nxe4 h6 33. Kg2 Rf5 34. h4 Rd8 35. Rxb7 Rd4 36. Nd6
Rf6 37. Rb8+ Ke7 38. Nc8+ Kd7 39. Nb6+ Kc7 40. Ra8 Ne6
41. Bxa6 Rf8 42. Bc8 Nd8 43. Bd7 Kb7 44. Rc8 Rxd7 45. Nxd7 Re8
46. Nb6 g5 47. hxg5 hxg5 48. a4 g4 49. Ra8 1-0

[Event "Russia - China"]
[Site "Sochi RUS"]
[Date "2009.08.17"]
[EventDate "2009.08.15"]
[Round "3"]
[Result "1-0"]
[White "Ding Liren"]
[Black "Nikita Vitiugov"]
[WhiteElo "2530"]
[BlackElo "2681"]
[PlyCount "81"]

1. d4 Nf6 2. Nf3 d5 3. c4 e6 4. Nc3 c6 5. e3 Nbd7 6. Qc2 Bd6
7. g4 h6 8. h3 a6 9. c5 Be7 10. Rg1 b6 11. cxb6 Qxb6 12. g5
hxg5 13. Nxg5 Rg8 14. Na4 Qa7 15. Qxc6 Bb7 16. Qc2 Rc8 17. Nc3
e5 18. Bd2 exd4 19. exd4 Qxd4 20. Be3 Qb4 21. O-O-O Nc5 22. f3
Bc6 23. Bd4 a5 24. Rg2 a4 25. Re2 Rc7 26. Be5 Rd7 27. Rd4 Qb6
28. h4 a3 29. b3 Rb7 30. Bh3 Rh8 31. b4 Ncd7 32. Na4 Qb5
33. Bd6 Ng8 34. Nc3 Qb6 35. Qf5 Kd8 36. Nxf7+ Kc8 37. Bc5 Nh6
38. Bxb6 Nxf5 39. Bxf5 Bf6 40. Nxd5 Kb8 41. Nxf6 1-0

[Event "Russia - China"]
[Site "Sochi RUS"]
[Date "2009.08.18"]
[EventDate "2009.08.15"]
[Round "4"]
[Result "1/2-1/2"]
[White "Artyom Timofeev"]
[Black "Ding Liren"]
[WhiteElo "2681"]
[BlackElo "2530"]
[PlyCount "79"]

1. e4 e6 2. d4 d5 3. Nd2 dxe4 4. Nxe4 Nd7 5. Nf3 Ngf6 6. Nxf6+
Nxf6 7. Ne5 a6 8. Bd3 c5 9. dxc5 Qd5 10. Qe2 Qxg2 11. Rf1 Qxh2
12. Bg5 Qh5 13. Qd2 h6 14. Bf4 Nd5 15. Be4 Qh4 16. Bxd5 exd5
17. O-O-O Be6 18. Rfe1 Qf6 19. Ng4 Qf5 20. f3 Be7 21. Kb1 Rc8
22. Bd6 Qg5 23. Qd4 Bxd6 24. cxd6 O-O 25. Rg1 Bxg4 26. Rxg4
Rc4 27. Rxg5 Rxd4 28. Rxd4 hxg5 29. Rxd5 f6 30. c4 Kf7 31. c5
Ke6 32. Rd2 Kd7 33. b4 b6 34. Kb2 bxc5 35. bxc5 Kc6 36. Rc2
Rb8+ 37. Kc1 Rb4 38. Kd2 g4 39. fxg4 Rxg4 40. Ke3 1/2-1/2

[Event "Russia - China"]
[Site "Sochi RUS"]
[Date "2009.08.19"]
[EventDate "2009.08.15"]
[Round "5"]
[Result "0-1"]
[White "Ding Liren"]
[Black "Vladimir Malakhov"]
[WhiteElo "2530"]
[BlackElo "2707"]
[PlyCount "73"]

1. d4 d5 2. c4 c6 3. Nf3 Nf6 4. Nc3 a6 5. e3 b5 6. c5 g6
7. Bd3 Bg7 8. e4 dxe4 9. Nxe4 Nxe4 10. Bxe4 Be6 11. O-O Bd5
12. Re1 Bxe4 13. Rxe4 Nd7 14. Bg5 Nf6 15. Bxf6 Bxf6 16. Qb3
O-O 17. Rae1 e6 18. Qe3 Qd5 19. a3 Rad8 20. h4 Bg7 21. Qf4 a5
22. R1e2 a4 23. Qe3 Rd7 24. Kh2 Rfd8 25. g4 Rb7 26. Qc3 b4
27. axb4 Rdb8 28. Kg2 Rxb4 29. g5 Rb3 30. Qc1 R8b4 31. h5 gxh5
32. Qf4 Rxb2 33. R2e3 R2b3 34. Kg3 Rxe3 35. Rxe3 Bxd4 36. Nxd4
Rxd4 37. Qb8+ 0-1

[Event "Russia vs China (Rapid)"]
[Site "Sochi RUS"]
[Date "2009.08.21"]
[EventDate "2009.08.21"]
[Round "1"]
[Result "1/2-1/2"]
[White "Evgeny Tomashevsky"]
[Black "Ding Liren"]
[WhiteElo "2689"]
[BlackElo "2530"]
[PlyCount "70"]

1. c4 g6 2. e4 Bg7 3. d4 d6 4. Nc3 Nf6 5. f3 O-O 6. Be3 e5
7. d5 Nh5 8. Qd2 f5 9. O-O-O a6 10. Bd3 c5 11. exf5 Bxf5
12. Bxf5 gxf5 13. Nge2 Nf6 14. Qc2 Kh8 15. Bg5 Qc8 16. Ng3 Ng8
17. a4 b5 18. cxb5 axb5 19. Nxb5 Qd7 20. Nh5 Na6 21. Bd2 c4
22. Nxg7 Kxg7 23. Na3 Nc5 24. a5 Nb3+ 25. Kb1 Nd4 26. Qxc4
Rfc8 27. Qd3 Rab8 28. Rc1 Rb3 29. Qa6 Rcb8 30. Nc4 Qa4
31. Qxd6 Rxb2+ 32. Nxb2 Rxb2+ 33. Kxb2 Qb3+ 34. Ka1 Qa4+
35. Kb2 Qb3+ 1/2-1/2

[Event "Russia vs China (Rapid)"]
[Site "Sochi RUS"]
[Date "2009.08.21"]
[EventDate "2009.08.21"]
[Round "2"]
[Result "0-1"]
[White "Ding Liren"]
[Black "Ian Nepomniachtchi"]
[WhiteElo "2530"]
[BlackElo "2632"]
[PlyCount "108"]

1. d4 Nf6 2. c4 c5 3. d5 b5 4. Nf3 g6 5. Qc2 bxc4 6. e4 Bg7
7. Bxc4 d6 8. O-O O-O 9. Nc3 Nbd7 10. h3 Rb8 11. Re1 Nb6
12. Bf1 Bb7 13. Bf4 Qc8 14. Rad1 Ba6 15. Bxa6 Qxa6 16. e5 Ne8
17. b3 Rd8 18. Bg5 f6 19. exf6 exf6 20. Bf4 Qc8 21. Bg3 Qd7
22. Re6 Nc8 23. Rde1 Nc7 24. R6e2 Qf7 25. Qd3 h6 26. Bf4 f5
27. h4 Rfe8 28. Bd2 Rxe2 29. Rxe2 Nb6 30. g3 Ncxd5 31. Nxd5
Qxd5 32. Qxd5+ Nxd5 33. Ba5 Rd7 34. Ne1 Kf7 35. Rd2 Nf6 36. f3
Ng8 37. Rd3 Ne7 38. Bc3 Bxc3 39. Rxc3 Nc6 40. Nc2 a5 41. Kf2
Ra7 42. a3 Rb7 43. g4 f4 44. Ke2 Ke6 45. Kd2 g5 46. h5 Ne5
47. Ne1 a4 48. bxa4 Ra7 49. Rb3 Rxa4 50. Nc2 Ra6 51. Ke2 d5
52. Rb8 d4 53. Re8+ Kd5 54. Rd8+ Kc4 0-1